000 00741nam a2200265Ia 4500
001 dia_4521
003 CHAP
005 20240202125034.0
008 220117s xx 000 0 und d
010 _a175179
040 _cCHAP
082 _a574.192 B4
100 _aBerg Jeremy Mark
_9156097
245 _aBiochemistry /
_c By Jaremy Mark Berg, John L Tymoczko,Lubert Stryer.
250 _a6° Ed
260 _aWh Freeman And Company
_c
300 _a1026 P.
500 _aI. 235329
503 _a( Include Biographical Reference And Index )
650 _a1.
_x Bioquimica
_9156098
901 _a574.192 B4
902 _aM
905 _a000000 2007 A M 0000000000ENG00
942 _cLIBRO
_2ddc
999 _c175179
_d175179